| 000 | 00898nam a2200265 i 4500 | ||
|---|---|---|---|
| 001 | bg | ||
| 100 | 1 | _aSORENSEN, Dorris | |
| 245 | 1 | 0 |
_aOzdabianie szkła dla początkujących / _cDorris Sorensen ; z ang. przeł. Grzegorz Szczęsny. |
| 246 |
_iTyt. oryg.: _aGlass painting for the first time |
||
| 260 |
_aWarszawa : _b"Klub dla Ciebie", _c2005. |
||
| 300 |
_a111 s. : _bfot. kolor. ; _c26 cm. |
||
| 500 | _aTyt. oryg.: "Glass painting for the first time". | ||
| 650 | 9 |
_aMalarstwo na szkle _xtechnika |
|
| 650 | 9 | _aZdobnictwo | |
| 655 | _aWydawnictwa popularne | ||
| 700 | 1 |
_aSZCZĘSNY, Grzegorz. _eTł. |
|
| 020 | _a8374043288 | ||
| 040 | _cBPK | ||
| 041 | 1 |
_apol _heng |
|
| 080 | _a75.05(02.025.2) | ||
| 920 | _a83-7404-328-8 | ||
| 942 | _cKS | ||
| 008 | s pl f |000 0 pol | ||
| 999 |
_c46867 _d46867 |
||
| 856 |
_uhttp://koha.tu.koszalin.pl/cgi-bin/koha/opac-detail.pl?biblionumber=46867 _yKatalog online BPK |
||